Konfessionsbildung in Klausenburg und Kronstadt
| Titel: | Konfessionsbildung in Klausenburg und Kronstadt : Der Anspruch der Homogenität und die heterogene Wirklichkeit / Edit Szegedi |
|---|---|
| Verfasser: | |
| In: |
Kirche und Politik an der Peripherie. Reformation und Macht an den "Grenzen" der Deutschen, Protestantischen Einflusszone im Vergleich von Frühneuzeit und Gegenwart, Veranstaltung (2014 : Hermannstadt): Exportgut Reformation, (2017), Seite 191-201 alle Artikel anzeigen |
| Veröffentlicht: | [2017] |
| Format: | Aufsatz |
| Sprache: | Deutsch |
X
alg: 47974358 001A $03077:02-06-21 001B $03077:29-03-23 $t11:16:58.000 001D $03077:02-06-21 001U $0utf8 001X $00 002@ $0Aou 002C $aText $btxt $2rdacontent 002D $aohne Hilfsmittel zu benutzen $bn $2rdamedia 002E $aBand $bnc $2rdacarrier 003@ $0479743584 007A $0479743584 $aHEB 010@ $ager 010E $erda 011@ $a2017 $n[2017] 011F $n© 2017 021A $aKonfessionsbildung in Klausenburg und Kronstadt $dDer Anspruch der Homogenität und die heterogene Wirklichkeit $hEdit Szegedi 028A $BVerfasser $4aut $8Szegedi, Edit [Tp3] $9456434461 031A $h191-201 $j2017 039B $aEnthalten in $8--Aau--Kirche und Politik an der Peripherie. Reformation und Macht an den "Grenzen" der Deutschen, Protestantischen Einflusszone im Vergleich von Frühneuzeit und Gegenwart$gVeranstaltung$d2014$cHermannstadt [Tf3]. Exportgut Reformation. - Göttingen : Vandenhoeck & Ruprecht, [2017]. - 486 Seiten. - Illustrationen. - ISBN 978-3-525-10154-4 $x201700000000000809 $9403320135 044K $RKlausenburg $#Cluj $#Kolozsvár $#Klausenburg $71122053215 $8Cluj-Napoca [Tg1] $9396995888 044K $RKronstadt $ROraşul Stalin $#Kronstadt (Siebenbürgen) $#Kronstadt Braşov $#Brassó Braşov $#Kronstadt $#Brassó $7116916-6 $8Braşov [Tg1] $9040677222 044K $RReformator $RReformatorin $#Reformation $#Réforme protestante $#Reforma $#Reformation $74048946-2 $8Reformation [Ts1] $9085136344 044K $RReformation $#Church history 17th century $#Église 17e siècle $#Histoire religieuse Europe 16e siècle $#Historia eclesiástica S.XVII $74136343-7 $8Konfessionalisierung [Ts1] $9085506656 045F $a200.94980903 $eDDC23BSB 045F/01 $a200.9 045F/03 $f0903 045F/03 $g498 lok: 47974358 78 exp: 47974358 78 1 #EPN 201B/01 $008-07-22 $t09:16:20.000 201C/01 $008-07-22 201U/01 $0utf8 203@/01 $01204809259 208@/01 $a08-07-22 $be 209A/01 $a/ $f000 $x00 209A/01 $ab*p $x01 220C/01 $apgar 244Z/01 $#Ungarn $#Ungarn $#Ungarische Räterepublik $#Königreich Ungarn $#Die @Länder der ungarischen Krone $#Transleithanien $#Magyarország $#Magyar Köztársaság $#Magyar Tanácsköztársaság $#Government of the Hungarian Republic $#Zemalja Ugarske Krune $#VNR $#Ungern $#Ungarische Republik $#Republik Ungarn $#Ungarische Volksrepublik $#Volksrepublik Ungarn $#Magyar Népköztársaság $#Hungary $#Hungarian Republic $#Hongrie $#Vengerskaja Narodnaja Respublika $#Hungarian People's Republic $#HPR Hungarian People's Republic $#République Populaire Hongroise $#Ungarische VR $#Republic of Hungary $#Vengrija $74078541-5 $8--Tgz--Ungarn $x01 $9085222712 247C/01 $82080>Marburg/Lahn, Herder-Institut, Forschungsbibliothek, Bibliographieportal $9336309341
| LEADER | 00000caa a2200000 c 4500 | ||
|---|---|---|---|
| 001 | 479743584 | ||
| 003 | DE-603 | ||
| 005 | 20230329111658.0 | ||
| 007 | tu | ||
| 008 | 210602s2017 xx |||| | u00||u|ger c | ||
| 035 | |a (DE-599)HEB479743584 | ||
| 040 | |a DE-603 |b ger |c DE-603 |d DE-603 |e rda | ||
| 041 | |a ger | ||
| 082 | 0 | 4 | |8 1\u |a 200.94980903 |q DE-101 |2 23/BSB |
| 085 | |8 1\u |b 200.9 | ||
| 085 | |8 1\u |z 1 |s 0903 | ||
| 085 | |8 1\u |z 2 |s 498 | ||
| 100 | 1 | |a Szegedi, Edit |e Verfasser |4 aut |0 (DE-603)456434461 |0 (DE-588)1201061008 |2 gnd | |
| 245 | 0 | 0 | |a Konfessionsbildung in Klausenburg und Kronstadt |b Der Anspruch der Homogenität und die heterogene Wirklichkeit |c Edit Szegedi |
| 264 | 0 | |c [2017] | |
| 264 | 4 | |c © 2017 | |
| 336 | |a Text |b txt |2 rdacontent | ||
| 337 | |a ohne Hilfsmittel zu benutzen |b n |2 rdamedia | ||
| 338 | |a Band |b nc |2 rdacarrier | ||
| 650 | 7 | |a Reformation |0 (DE-588)4048946-2 |0 (DE-603)085136344 |2 gnd | |
| 650 | 7 | |a Konfessionalisierung |0 (DE-588)4136343-7 |0 (DE-603)085506656 |2 gnd | |
| 651 | 7 | |a Cluj-Napoca |0 (DE-588)1122053215 |0 (DE-603)396995888 |2 gnd | |
| 651 | 7 | |a Braşov |0 (DE-588)116916-6 |0 (DE-603)040677222 |2 gnd | |
| 773 | 0 | 8 | |i Enthalten in |a Kirche und Politik an der Peripherie. Reformation und Macht an den "Grenzen" der Deutschen, Protestantischen Einflusszone im Vergleich von Frühneuzeit und Gegenwart, Veranstaltung (2014 : Hermannstadt) |t Exportgut Reformation |d Göttingen : Vandenhoeck & Ruprecht, [2017] |h 486 Seiten, Illustrationen |z 9783525101544 |z 3525101546 |g (2017), Seite 191-201 |w (DE-603)403320135 |
| 924 | 0 | |9 2080 |a (DE-603)1204809259 |b DE-2080 |c HES |d d |g / | |


